| 000 | 01226cam a22003374a 4500 | ||
|---|---|---|---|
| 001 | 14804699 | ||
| 005 | 20220326193343.0 | ||
| 008 | 070411s2006 bl a b 001 0 por | ||
| 010 | _a 2007317389 | ||
| 020 | _a9788573263640 (v. 1) | ||
| 020 | _a8573263644 (v. 1) | ||
| 020 | _a9788573263657 (v. 2) | ||
| 020 | _a8573263652 (v. 2) | ||
| 020 | _a9788573263664 (v. 3) | ||
| 020 | _a8573263660 (v. 3) | ||
| 040 |
_aDLC _cDLC |
||
| 042 | _alcode | ||
| 043 |
_as-bl--- _acl----- |
||
| 082 |
_a701.18 _bA485t v2 |
||
| 100 | 1 |
_aAmaral, Aracy A. _94719 |
|
| 245 | 1 | 0 |
_aTextos do Trópico de Capricórnio : _bartigos e ensaios (1980-2005) / _cAracy A. Amaral. |
| 250 | _a1a ed. | ||
| 260 |
_aSão Paulo, SP, Brasil : _bEditora 34, _c2006. |
||
| 300 |
_a3 v. : _bill. ; _c23 cm. |
||
| 504 | _aIncludes bibliographical references and indexes. | ||
| 505 | 0 | _av. 1. Modernismo, arte moderna e o compromisso com o lugar -- v. 2. Circuitos de arte na América Latina e no Brasil -- v. 3. Bienais e artistas contemporâneos no Brasil. | |
| 650 | 0 |
_aArt, Brazilian _y20th century. _91241 |
|
| 650 | 0 |
_aArt, Latin American _y20th century. _91416 |
|
| 906 |
_a7 _bcbc _corigode _d2 _encip _f20 _gy-gencatlg |
||
| 999 |
_c855 _d855 |
||